[Event "Kadetska liga - fantje"]
[Site "Nova Gorica"]
[Date "2019.05.25"]
[Round "3"]
[White "Spiler, Sergej"]
[Black "Pertovt, Crt"]
[Result "1-0"]
[WhiteElo "1507"]
[BlackElo "1060"]
[PlyCount "63"]
[EventDate "2019.05.25"]

1. e4 Nf6 2. Nc3 e5 3. Bc4 c6 4. d3 b5 5. Bb3 b4 6. Nce2 Ba6 7. Bg5 h6 8. Bh4
g5 9. Bg3 Nh5 10. Bxe5 Qe7 11. Bxh8 Bg7 12. Bxg7 Nxg7 13. Nd4 c5 14. Nde2 Nc6
15. a3 Nd4 16. Nxd4 cxd4 17. axb4 Qxb4+ 18. c3 Bb5 19. cxb4 O-O-O 20. Bxf7 Rf8
21. Qf3 h5 22. Qf6 Ne8 23. Bxe8 Rxf6 24. e5 Rf8 25. Bxh5 Rh8 26. g4 Bxd3 27.
Rd1 Bc2 28. Nf3 Bxd1 29. Kxd1 Rg8 30. Nxd4 Rf8 31. e6 Rh8 32. exd7+ {necitljivo
} 1-0

[Event "Kadetska liga - fantje"]
[Site "Nova Gorica"]
[Date "2019.05.25"]
[Round "3"]
[White "Cigut, Matjaz"]
[Black "Lapajne Melink, Jakob"]
[Result "1-0"]
[WhiteElo "1132"]
[BlackElo "1642"]
[PlyCount "53"]
[EventDate "2019.05.25"]

1. e4 e5 2. Nf3 Nc6 3. Bb5 a6 4. Ba4 Bc5 5. h3 Nf6 6. d3 O-O 7. O-O d6 8. c3
Bd7 9. Re1 b5 10. Bc2 h6 11. d4 exd4 12. cxd4 Bb4 13. Bd2 Bxd2 14. Nbxd2 d5 15.
e5 Nh7 16. Nf1 Re8 17. Qd3 g6 18. Rad1 Bf5 19. Qc3 Bxc2 20. Qxc2 Na7 21. Ne3 c6
22. Qd2 f6 23. Ng4 h5 24. exf6 Rxe1+ 25. Rxe1 hxg4 26. Qh6 gxf3 27. Qg7# 1-0